| 000 | 00534nam a22001937a 4500 | ||
|---|---|---|---|
| 999 |
_c525397 _d525397 |
||
| 003 | NUST | ||
| 005 | 20190702050916.0 | ||
| 008 | 190702b ||||| |||| 00| 0 eng d | ||
| 038 | _awaseem | ||
| 082 |
_a891.421 _bPAR |
||
| 100 |
_aParis, Ibrar _916257 |
||
| 245 |
_aLami Chup Ty Main / _cIbrar Paris |
||
| 260 |
_aLahore : _bShama Books and Publishers, _cn.d. |
||
| 300 | _a134 p. ; | ||
| 500 | _aHardcover. | ||
| 880 |
_6100-01\r _a ابرار پارس |
||
| 880 |
_6245-02\r _a لمی چُپ تے میں / |
||
| 942 |
_2ddc _cBK |
||